Cargando...
Differentiation Through Personality Types
| Autor Principal: | |
|---|---|
| Formato: | Printed Book |
| Publicado: |
California
Crown Press
2007
|
| LEADER | 00367nam a22001217a 4500 | ||
|---|---|---|---|
| 020 | |a 1-4129-1771-9 | ||
| 100 | |a Jane A.G Kise |9 41373 | ||
| 245 | |a Differentiation Through Personality Types | ||
| 260 | |a California |b Crown Press |c 2007 | ||
| 300 | |a 195p. | ||
| 942 | |c BK | ||
| 999 | |c 91945 |d 91945 | ||
| 952 | |0 0 |1 0 |4 0 |7 0 |9 84526 |a SBES |b SBES |d 2016-09-26 |l 0 |p SBES02748 |r 2016-09-26 |w 2016-09-26 |y BK | ||